100 meilleurs joueurs de FIFA 21 - Statistiques

Statistiques générales
  • Ce quiz a été pris 66 fois
    34 depuis la dernière actualisation
  • Le résultat moyen est 84 sur 100
Statistiques - réponses
Poste Club Nationalité Note Réponse % Correct
BU Tottenham Angleterre 88 Harry Kane
100%
MG Tottenham Corée du Sud 87 Heung Min Son
100%
BU Real Madrid France 89 Karim Benzema
100%
BU PSG France 90 Kylian Mbappé
100%
AD FC Barcelone Argentine 93 Lionel Messi
100%
AD Liverpool Egypte 90 Mohamed Salah
100%
BU Bayern Munich Pologne 91 Robert Lewandowski
100%
AG Liverpool Sénégal 90 Sadio Mané
100%
G Real Madrid Belgique 89 Thibaut Courtois
100%
BU FC Barcelone France 87 Antoine Griezmann
96%
BU Juventus Portugal 92 Cristiano Ronaldo
96%
AG Real Madrid Belgique 88 Eden Hazard
96%
DC FC Barcelone Espagne 86 Gerard Piqué
96%
MOC Manchester City Belgique 91 Kevin De Bruyne
96%
MC Real Madrid Croatie 87 Luka Modric
96%
G Bayern Munich Allemagne 89 Manuel Neuer
96%
AG PSG Brésil 91 Neymar Jr
96%
MC Manchester United France 86 Paul Pogba
96%
DC Real Madrid Espagne 89 Sergio Ramos
96%
G FC Barcelone Allemagne 90 ter Stegen
96%
MOC Bayern Munich Allemagne 86 Thomas Müller
96%
AD PSG Argentine 87 Ángel Di María
93%
G Manchester United Espagne 86 David De Gea
93%
G Tottenham France 87 Hugo Lloris
93%
BU Leicester Angleterre 86 Jamie Vardy
93%
G Atlético Madrid Slovénie 91 Jan Oblak
93%
G PSG Costa Rica 87 Keylor Navas
93%
BU Atlético Madrid Uruguay 87 Luis Suárez
93%
MDC Chelsea France 88 N'Golo Kanté
93%
AT Juventus Argentine 88 Paulo Dybala
93%
BU Arsenal Gabon 87 Pierre-Emerick Aubameyang
93%
MC Real Madrid Allemagne 88 Toni Kroos
93%
DC Liverpool Pays Bas 90 Virgil van Dijk
93%
AD Manchester City Portugal 87 Bernardo Silva
89%
MOC Manchester United Portugal 87 Bruno Fernandes
89%
MDC Real Madrid Brésil 89 Casemiro
89%
MOC Real Sociedad Espagne 86 David Silva
89%
MC PSG Italie 86 Marco Verratti
89%
AG Manchester City Angleterre 88 Raheem Sterling
89%
DC Real Madrid France 86 Raphaël Varane
89%
BU Inter Milan Belgique 85 Romelu Lukaku
89%
BU Manchester City Argentine 89 Sergio Agüero
89%
DC Chelsea Belgique 85 Thiago Silva
89%
G Liverpool Brésil 90 Alisson
85%
DD Real Madrid Espagne 86 Dani Carvajal
85%
G Manchester City Brésil 88 Ederson
85%
MC FC Barcelone Pays Bas 85 Frenkie de Jong
85%
MD Borussia Dortmund Angleterre 87 Jadon Sancho
85%
MDC Bayern Munich Allemagne 88 Joshua Kimmich
85%
DC Naples Sénégal 88 Kalidou Koulibaly
85%
DC PSG Brésil 85 Marquinhos
85%
BU PSG Argentine 85 Mauro Icardi
85%
DD Liverpool Angleterre 87 Trent Alexander-Arnold
85%
DG Liverpool Ecosse 87 Andrew Robertson
81%
DC Manchester City France 87 Aymeric Laporte
81%
BU Lazio Rome Italie 87 Ciro Immobile
81%
BU Borussia Dortmund Norvège 84 Erling Haaland
81%
MDC Liverpool Brésil 87 Fabinho
81%
MDC Liverpool Angleterre 86 Jordan Henderson
81%
DG FC Barcelone Espagne 86 Jordi Alba
81%
MC Atlético Madrid Espagne 85 Koke
81%
MG Bayern Munich Allemagne 85 Leroy Sané
81%
DC Borussia Dortmund Allemagne 86 Mats Hummels
81%
AT Lyon Pays Bas 85 Memphis Depay
81%
AD Manchester City Algérie 85 Riyad Mahrez
81%
AT Liverpool Brésil 87 Roberto Firmino
81%
G Inter Milan Slovénie 88 Samir Handanovic
81%
MD Bayern Munich Allemagne 85 Serge Gnabry
81%
MDC FC Barcelone Espagne 87 Sergio Busquets
81%
MOC Inter Milan Danemark 85 Christian Eriksen
78%
MC Villarreal Espagne 85 Dani Parejo
78%
DC Juventus Italie 87 Giorgio Chiellini
78%
MOC Chelsea Maroc 85 Hakim Ziyech
78%
AG Naples Italie 85 Lorenzo Insigne
78%
MG Manchester United Angleterre 85 Marcus Rashford
78%
MDC Manchester City Espagne 85 Rodri
78%
MC Bayern Munich Espagne 85 Thiago Alcantara
78%
G Borussia Mönchengladbach Suisse 86 Yann Sommer
78%
AT Naples Belgique 85 Dries Mertens
74%
G Milan AC Italie 85 Gianluigi Donnarumma
74%
MOC Borussia Dortmund Allemagne 85 Marco Reus
74%
DC Juventus Pays Bas 85 Matthijs de Ligt
74%
DC Inter Milan Slovaquie 85 Milan Škriniar
74%
MC FC Barcelone Bosnie 85 Miralem Pjanic
74%
MC Lazio Rome Serbie 85 Sergej Milinkovic-Savic
74%
MC Liverpool Pays Bas 85 Georginio Wijnaldum
70%
MOC Chelsea Allemagne 85 Kai Havertz
70%
DD Manchester City Angleterre 85 Kyle Walker
70%
DC Juventus Italie 85 Leonardo Bonucci
70%
DG Juventus Brésil 85 Alex Sandro
67%
G Arsenal Allemagne 85 Bernd Leno
67%
BU Chelsea Allemagne 85 Timo Werner
67%
G Juventus Pologne 87 Wojciech Szczesny
67%
DC FC Barcelone France 85 Clément Lenglet
63%
DC Cagliari Uruguay 85 Diego Godín
63%
DC Tottenham Belgique 85 Toby Alderweireld
59%
MOC FC Séville Argentine 86 Alejandro Gómez
56%
MOC Lazio Rome Espagne 85 Luis Alberto
56%
G RB Leipzig Hongrie 85 Péter Gulácsi
56%
DC Leicester Portugal 85 Ricardo Pereira
41%
Aucun quiz correspondant
Distribution des résultats
% des personnes avec chaque résultat
Percentile par nombre de réponses
Votre historique - résultats
Vous n’avez pas pris ce quiz depuis la dernière actualisation